Galenická formulácia na orálne podávanie, spôsob jej prípravy a použitie činidla podporujúceho absorpciu na jej prípravu /
Saved in:
| Main Authors: | , , , |
|---|---|
| Corporate Author: | |
| Format: | Patent |
| Language: | Slovak French |
| Published: |
Banská Bystrica :
Úrad priemyselného vlastníctva SR,
2008.
|
| Subjects: | |
| Physical Description: |
27 s. |
| Tags: |
Add Tag
No Tags, Be the first to tag this record!
|
Titul je dostupný aj v ... 

MARC
| LEADER | 00000nam a2200000 a 4500 | ||
|---|---|---|---|
| 001 | 000338317 | ||
| 003 | SVKKK | ||
| 005 | 20080723142449.0 | ||
| 008 | 080723s2008 xo f j #0|| 0#slo c | ||
| 013 | |a 5107-2005 |b FR |d 12.2.2001 |d 6.6.2008 |d 12.5.2008 | ||
| 040 | |a SVK |b slo |c SVK |e AACR2 | ||
| 041 | 1 | # | |a slo |h fre |
| 044 | |a xo |c SK | ||
| 084 | |a A61K 9/00 |2 MPT | ||
| 084 | |a A61K 9/00 |2 MPT | ||
| 084 | |a A61K 9/20 |2 MPT | ||
| 084 | |a A61K 9/48 |2 MPT | ||
| 084 | |a A61K 31/155 |2 MPT | ||
| 100 | 1 | |a Saslawski, Olivier |4 inv | |
| 245 | 1 | 0 | |a Galenická formulácia na orálne podávanie, spôsob jej prípravy a použitie činidla podporujúceho absorpciu na jej prípravu / |c Saslawski Olivier. |
| 260 | # | |a Banská Bystrica : |b Úrad priemyselného vlastníctva SR, |c 2008. | |
| 300 | |a 27 s. | ||
| 655 | 7 | |a patenty |2 SVKPH | |
| 700 | 1 | # | |a Giet, Philippe |4 inv |
| 700 | 1 | # | |a Michel, Dominique |4 inv |
| 700 | 1 | # | |a Hulot, Thierry |4 inv |
| 710 | 2 | # | |a Merck Patent GmbH (Darmstadt, DE) |4 pth |
| 910 | |a svkkk | ||
| 998 | |a PA | ||
| 090 | |g SCKHL |k SK41 |a 286 248 |j 2007 |i I12173 |s Vyradená | ||